000
00289nam a22001217a 4500
082
_a
823
_b
KAD/A
100
_a
KADHOORIYA,MEENU
245
_a
AADHUNIC HINDI VYAKARAN AAVAM RACHANA
260
_a
DELHI
_b
VEEM KUMAR PUBLICATIONS
300
_a
248
650
_a
GRAMMAR
_z
DELHI
942
_c
BK
999
_c
4499
_d
4499